Statistiken für Torschützenkönige in der Geschichte von Arsenal London

Klicken Sie hier um das Quiz zu spielen!

Allgemein

  • Dieses Quiz wurde 29 mal gespielt
  • Das Durchschnittsergebnis liegt bei 4 aus 10

Antwortstatistiken

ToreNationalitätSpieler% Korrekt
228FrankreichThierry Henry
100%
92Gabun / FrankreichPierre-Emerick Aubameyang
93%
132NiederlandeRobin van Persie
85%
120NiederlandeDennis Bergkamp
74%
105FrankreichOlivier Giroud
37%
179EnglandIan Wright
33%
108EnglandTheo Walcott
26%
106EnglandAlan Smith
0%
94EnglandJoe Baker
0%
92EnglandPaul Merson
0%

Verteilung der Resultate

Perzentil nach korrekt beantworteten Fragen

Anzahl Personen mit jedem Resultat

Ihre Resultats-Entwicklung

Sie haben dieses Quiz noch nicht gespielt